| 000 -LEADER |
| fixed length control field |
00458nam a22001577a 4500 |
| 005 - DATE AND TIME OF LATEST TRANSACTION |
| control field |
20150602064950.0 |
| 008 - FIXED-LENGTH DATA ELEMENTS--GENERAL INFORMATION |
| fixed length control field |
150602b xxu||||| |||| 00| 0 eng d |
| 041 0# - LANGUAGE CODE |
| Language code of text/sound track or separate title |
eng |
| 080 ## - UNIVERSAL DECIMAL CLASSIFICATION NUMBER |
| Universal Decimal Classification number |
512.12 |
| 100 ## - Rafti |
| Rafti |
Muschla, Judith |
| 245 ## - TITLE STATEMENT |
| Title |
Multiplication and division / |
| Statement of responsibility, etc |
Judith A. Muschla and Gary Robert Muschla. |
| 260 ## - |
| -- |
New York : |
| -- |
McGraw-Hill, |
| -- |
c2012. |
| 300 ## - |
| -- |
xiv, 177 p. ; |
| -- |
me il.; |
| -- |
28 cm. |
| 490 ## - |
| -- |
Pjestimi dhe shumezimi |
| 942 ## - ADDED ENTRY ELEMENTS (KOHA) |
| Source of classification or shelving scheme |
|
| Item type |
Books |